Najlepsi strzelcy XXI w. bez tytułu klubowego - Statystyki

Ogólne statystyki
  • Ten quiz został rozwiązany 408 razy
  • Średni wynik to 4 z 10
Statystyki odpowiedzi
Miejsce Zawodnik Narodowość Kluby Bramki % Poprawnych
1 Harry Kane Anglia Tottenham, Bayern Monachium 324
99%
5 Heung-min Son Korea Południowa HSV, Bayer Leverkusen, Tottenham 211
80%
3 Antonio Di Natale Włochy Empoli, Udinese 247
36%
2 Wissam Ben Yedder Francja Toulouse, Sevilla, Monaco 259
34%
9 Dimitri Payet Francja Nantes, Saint-Étienne, Lille, Marseille, WHU 142
28%
10 Luis Muriel Kolumbia Udinese, Lecce, Sampdoria, Sevilla, Fiorentina, Atalanta 140
24%
4 Aritz Aduriz Hiszpania Athletic Bilbao, Mallorca, Valencia 221
19%
6 Stefan Kießling Niemcy Nürnberg, Bayer Leverkusen 177
17%
7 Vedad Ibisevic Bośnia i Hercegowina Hoffenheim, Stuttgart, Hertha, Schalke 156
11%
8 Kevin Kuranyi Niemcy Schalke, Stuttgart 145
8%
Nie znaleziono quizów pasujących do podanych kryteriów
Rozkład punktacji
Procent ludzi z każdym wynikiem
Percentyl według liczby udzielonych odpowiedzi
Twoja historia wyników
Nie rozwiązałeś tego quizu